LIBRARY & INFORMATION CENTRE, KCAET, TAVANUR

ONLINE PUBLIC ACCESS CATALOGUE (OPAC)

Post Harvest Technology of Cereals, Pulses and Oil Seeds (Record no. 19334)

MARC details
000 -LEADER
fixed length control field 00273nam a22001097a 4500
003 - CONTROL NUMBER IDENTIFIER
control field OSt
008 - FIXED-LENGTH DATA ELEMENTS--GENERAL INFORMATION
fixed length control field 250207b |||||||| |||| 00| 0 eng d
041 ## - LANGUAGE CODE
Language code of text/sound track or separate title eng
100 ## - MAIN ENTRY--AUTHOR NAME
Personal name Chakravarty, A
245 ## - TITLE STATEMENT
Title Post Harvest Technology of Cereals, Pulses and Oil Seeds
942 ## - ADDED ENTRY ELEMENTS (KOHA)
Koha item type Books
Holdings
Withdrawn status Lost status Damaged status Home library Current library Date acquired Cost, normal purchase price Accession Number Koha item type
Withdrawn     KAUAET KAUAET 07/02/2025 85.00 18622 Books
Withdrawn     KAUAET KAUAET 07/02/2025 85.00 18624 Books
free website counter